Japan lohnsystem

Tallennettuna:
Bibliografiset tiedot
Päätekijä: Hubmann, Klaus
Aineistotyyppi: Kirja
Kieli:Undetermined
Julkaistu: Germany Deutsch-Japanisches Wirtschaftsburo Hambug 1969
Aiheet:
Tagit: Lisää tagi
Ei tageja, Lisää ensimmäinen tagi!
Thư viện lưu trữ: Trung tâm Học liệu Trường Đại học Cần Thơ
LEADER 00475nam a2200181Ia 4500
001 CTU_77729
008 210402s9999 xx 000 0 und d
082 |a 331.2 
082 |b H878 
100 |a Hubmann, Klaus 
245 0 |a Japan lohnsystem 
245 0 |c Klaus Hubmann 
260 |a Germany 
260 |b Deutsch-Japanisches Wirtschaftsburo Hambug 
260 |c 1969 
650 |a Labor union 
650 |z Japan 
980 |a Trung tâm Học liệu Trường Đại học Cần Thơ